| 000 | 00333nam a2200145Ia 4500 | ||
|---|---|---|---|
| 008 | 230711s9999||||xx |||||||||||||| ||und|| | ||
| 041 | _aENG | ||
| 082 |
_a800 _bDA-E |
||
| 100 | _aDaruwala,Bejan | ||
| 245 | 0 | _a2012 end of the world | |
| 260 |
_c2012 _aNew Delhi _bRanvir Books |
||
| 300 | _a164 | ||
| 650 | _aLiterature | ||
| 942 | _cBK | ||
| 999 |
_c5284 _d5284 |
||